00398cam a2200169ua 4500001000500000005001700005008003900022040000900061041000800070082000800078100003000086245004800116250000900164260002700173300001000200653001800210886220260515114406.0150216n ii |||gr||||Z||||||eng cMAIN aeng a822 aVarshney, R. L.,eEditor.1 aWaiting for godotcEdited by R. L. Varshney a1st. aAgra:bLakshmi,c2001. a236p. aEnglish drama